Steden van Holland - Statistics

General Stats
  • This quiz has been taken 7 times
  • The average score is 20 of 49
Answers on the Map
Answers color-coded by a green-red scale on the quiz's map according to % correct below.
 
Answer Stats
group answer % Correct
Noord-Holland Amsterdam
100%
Noord-Holland Alkmaar
83%
Zuid-Holland Delft
83%
Zuid-Holland Den Haag | 's Gravenhage | La Haye | The Hague | der Haag
83%
Zuid-Holland Gouda
83%
Zuid-Holland Leiden | Leyde
83%
Noord-Holland Purmerend
83%
Zuid-Holland Rotterdam
83%
Noord-Holland Texel
83%
Noord-Holland Texel
83%
Noord-Holland Beverwijk
67%
Noord-Holland Edam
67%
Noord-Holland Enkhuizen
67%
Noord-Holland Haarlem | Harlem
67%
Noord-Holland Hoorn
67%
Noord-Holland Monnickendam
67%
Noord-Holland Schagen
67%
Zuid-Holland Schiedam
67%
Noord-Holland Zaandam
67%
Zuid-Holland Brielle
50%
Zuid-Holland Dordrecht | Dort
50%
Zuid-Holland Gorinchem
50%
Zuid-Holland Maassluis
50%
Noord-Holland Medemblik
50%
Noord-Holland Muiden
50%
Noord-Holland Naarden
50%
Noord-Holland Weesp
50%
Zuid-Holland Vlaardingen | Flardingue
33%
Noord-Holland Wieringen
33%
Zuid-Holland Delfshaven
17%
Zuid-Holland 's Gravenzande
17%
Noord-Holland Langedijk
17%
Zuid-Holland Schoonhoven
17%
Noord-Holland Abbekerk
0%
Zuid-Holland Ammerstol
0%
Noord-Holland Barsingerhorn
0%
Zuid-Holland Geervliet
0%
Zuid-Holland Goedereede
0%
Noord-Holland Grootebroek
0%
Zuid-Holland Haastrecht
0%
Zuid-Holland Heenvliet
0%
Noord-Holland Hem
0%
Noord-Holland Hoogwoud
0%
Noord-Holland Niedorp
0%
Zuid-Holland Nieuwpoort
0%
Noord-Holland Schellinkhout
0%
Noord-Holland Spanbroek
0%
Noord-Holland Westwoud
0%
Noord-Holland Winkel
0%
No matching quizzes found
Score Distribution
Percent of People with Each Score
Percentile by Number Answered
Your Score History
You have not taken this quiz